[Event "Titled Tuesday intern op 11th Feb Early"]
[Site "Chess.com INT"]
[Date "2025.02.11"]
[Round "3"]
[White "Oleksienko, Mikhailo"]
[Black "Brozyna, Mateusz"]
[Result "1/2-1/2"]
[WhiteElo "2569"]
[BlackElo "2224"]
[PlyCount "117"]
[EventDate "2025.02.11"]
[EventType "swiss (blitz)"]
[EventRounds "11"]
[EventCountry "USA"]
[SourceTitle "CB09_2025"]
[SourceDate "2025.02.27"]
[SourceVersion "1"]
[SourceVersionDate "2025.02.27"]
[SourceQuality "1"]

1. e4 e5 2. Nf3 Nc6 3. Nc3 Nf6 4. d4 exd4 5. Nxd4 Bb4 6. Nxc6 bxc6 7. Bd3 d5 8. Bd2 0-0 9. 0-0 Bxc3 10. Bxc3 dxe4 11. Bxf6 Qxf6 12. Bxe4 Qxb2 13. Bxc6 Rb8 14. Rb1 Qxb1 15. Qxb1 Rxb1 16. Rxb1 Rd8 17. Bf3 Ba6 18. Rb3 Kf8 19. Rc3 Bb7 20. Rxc7 Bxf3 21. gxf3 a5 22. Rc5 Rb8 23. Rxa5 Rb2 24. c3 Rc2 25. Ra3 g6 26. f4 h5 27. Kg2 Kg7 28. Kf3 Kf6 29. h3 Kg7 30. Ke3 Kf6 31. Ra6+ Ke7 32. Kd3 Rxf2 33. a4 Rxf4 34. a5 Rh4 35. Ra8 Rxh3+ 36. Kc4 Rh1 37. a6 Ra1 38. Kd4 h4 39. c4 h3 40. Rh8 Rxa6 41. Rxh3 f5 42. c5 Ke6 43. Re3+ Kf6 44. Kd5 f4 45. Re8 Ra1 46. Rf8+ Kg5 47. c6 Rc1 48. Kd6 Kg4 49. c7 f3 50. c8Q+ Rxc8 51. Rxc8 f2 52. Rf8 Kg3 53. Ke5 Kg2 54. Ke4 g5 55. Ke3 f1Q 56. Rxf1 Kxf1 57. Kf3 g4+ 58. Kg3 Kg1 59. Kxg4 1/2-1/2

[Event "Titled Tuesday intern op 28th Jan Early"]
[Site "Chess.com INT"]
[Date "2025.01.28"]
[Round "9"]
[White "Gyenes, Mate"]
[Black "Oleksienko, Mikhailo"]
[Result "0-1"]
[WhiteElo "2230"]
[BlackElo "2569"]
[PlyCount "104"]
[EventDate "2025.01.28"]
[EventType "swiss (blitz)"]
[EventRounds "11"]
[EventCountry "USA"]
[SourceTitle "CB06_2025"]
[SourceDate "2025.02.05"]
[SourceVersion "1"]
[SourceVersionDate "2025.02.05"]
[SourceQuality "1"]

1. d4 d5 2. Bf4 Nf6 3. e3 e6 4. c3 Bd6 5. Nf3 0-0 6. Bd3 b6 7. Nbd2 Bxf4 8. exf4 Ba6 9. Bxa6 Nxa6 10. Qe2 Nb8 11. 0-0 c5 12. Rfe1 Nbd7 13. Ne5 Qc7 14. Ndf3 Ne4 15. Nxd7 Qxd7 16. Rad1 Qa4 17. a3 Rac8 18. Nd2 Nd6 19. dxc5 bxc5 20. g3 g6 21. h4 Rb8 22. Nf3 Qb5 23. Ne5 Qxe2 24. Rxe2 Rb3 25. Nd7 Rc8 26. h5 Kg7 27. hxg6 hxg6 28. Rdd2 Nc4 29. Rc2 Rc7 30. Ne5 Nxe5 31. fxe5 g5 32. Kg2 g4 33. f4 gxf3+ 34. Kxf3 Rcb7 35. Kf4 Kg6 36. Rh2 d4 37. cxd4 cxd4 38. Rh4 Kg7 39. Rc8 Rxb2 40. Rg4+ Kh7 41. Rh4+ Kg7 42. Rhh8 Rf2+ 43. Kg5 Rf5+ 44. Kg4 Rxe5 45. Kf4 Rf5+ 46. Ke4 Rd7 47. g4 Rfd5 48. g5 Rxg5 49. Kf4 Rf5+ 50. Ke4 Kf6 51. Rh6+ Ke7 52. Rhh8 d3 0-1

[Event "Titled Tuesday intern op 28th Jan Early"]
[Site "Chess.com INT"]
[Date "2025.01.28"]
[Round "1"]
[White "Oleksienko, Mikhailo"]
[Black "Modric, Nesa"]
[Result "1-0"]
[WhiteElo "2569"]
[BlackElo "2088"]
[PlyCount "49"]
[EventDate "2025.01.28"]
[EventType "swiss (blitz)"]
[EventRounds "11"]
[EventCountry "USA"]
[SourceTitle "CB06_2025"]
[SourceDate "2025.02.05"]
[SourceVersion "1"]
[SourceVersionDate "2025.02.05"]
[SourceQuality "1"]

1. e4 c6 2. Nf3 d5 3. Nc3 Bg4 4. h3 Bh5 5. exd5 cxd5 6. g4 Bg6 7. Ne5 Nc6 8. Bb5 Rc8 9. d4 e6 10. h4 f6 11. Nxg6 hxg6 12. a3 Bd6 13. Be3 Nge7 14. Qe2 a6 15. Bd3 Kf7 16. 0-0-0 b5 17. h5 g5 18. Qf3 b4 19. axb4 Nxb4 20. Bxg5 Rxc3 21. bxc3 Na2+ 22. Kd2 Qc7 23. Bg6+ Kg8 24. Ra1 fxg5 25. Qf7# 1-0

[Event "Titled Tuesday intern op 28th Jan Early"]
[Site "Chess.com INT"]
[Date "2025.01.28"]
[Round "4"]
[White "Oleksienko, Mikhailo"]
[Black "Shinkarev, M."]
[Result "1-0"]
[WhiteElo "2569"]
[BlackElo "2128"]
[PlyCount "89"]
[EventDate "2025.01.28"]
[EventType "swiss (blitz)"]
[EventRounds "11"]
[EventCountry "USA"]
[SourceTitle "CB06_2025"]
[SourceDate "2025.02.05"]
[SourceVersion "1"]
[SourceVersionDate "2025.02.05"]
[SourceQuality "1"]

1. e4 e5 2. Nf3 d6 3. d4 Nd7 4. Bc4 c6 5. dxe5 dxe5 6. Ng5 Nh6 7. 0-0 b5 8. Bb3 Qc7 9. a4 b4 10. Be3 Nc5 11. Bc4 f6 12. Bxc5 Bxc5 13. Qh5+ Ke7 14. Nf7 Bg4 15. Qh4 Nxf7 16. Qxg4 Kf8 17. Nd2 g6 18. Nb3 Be7 19. Rad1 Rd8 20. Qe6 Ng5 21. Rxd8+ Bxd8 22. Qg4 h5 23. Qe2 Be7 24. Rd1 Kg7 25. h4 Nf7 26. Bxf7 Kxf7 27. Qc4+ Kg7 28. Qe6 Rd8 29. Rxd8 Qxd8 30. Qxc6 Qd1+ 31. Kh2 Qg4 32. g3 Qf3 33. Kg1 g5 34. Qd7 Kf8 35. Qd3 Qg4 36. hxg5 Qxg5 37. Kg2 h4 38. Na5 hxg3 39. fxg3 Qc1 40. b3 Kf7 41. Nc6 Bc5 42. Qd5+ Kg6 43. Qxc5 Qd2+ 44. Qf2 Qd6 45. Na5 1-0

[Event "UKR-ch Rapid 92nd"]
[Site "Lvov"]
[Date "2024.12.23"]
[Round "2"]
[White "Kaliuzhny, Andrey"]
[Black "Oleksienko, Mikhailo"]
[Result "0-1"]
[WhiteElo "2157"]
[BlackElo "2570"]
[PlyCount "58"]
[EventDate "2024.12.23"]
[EventType "swiss (rapid)"]
[EventRounds "9"]
[EventCountry "UKR"]
[SourceTitle "CB52_2024"]
[SourceDate "2024.12.25"]
[SourceVersion "1"]
[SourceVersionDate "2024.12.25"]
[SourceQuality "1"]

1. d4 d5 2. Nf3 Nf6 3. e3 c5 4. c4 cxd4 5. exd4 g6 6. Nc3 Bg7 7. cxd5 0-0 8. h3 Nxd5 9. Bc4 Nb6 10. Bb3 Nc6 11. Be3 Na5 12. 0-0 Nxb3 13. Qxb3 Be6 14. Qd1 Rc8 15. Re1 Nd5 16. Qa4 Nxc3 17. bxc3 Bd5 18. Ne5 Rxc3 19. Bd2 Rc8 20. Bb4 a6 21. Qa3 Re8 22. Rac1 e6 23. Ba5 Qg5 24. f3 Bxe5 25. dxe5 Bxf3 26. Qb2 Rxc1 27. Rxc1 Bxg2 28. Qd2 Qg3 29. Qf2 Qxh3 0-1

[Event "UKR-ch Rapid 92nd"]
[Site "Lvov"]
[Date "2024.12.23"]
[Round "7"]
[White "Oleksienko, Mikhailo"]
[Black "Dubnevych, Maksym"]
[Result "1-0"]
[WhiteElo "2570"]
[BlackElo "2280"]
[PlyCount "107"]
[EventDate "2024.12.23"]
[EventType "swiss (rapid)"]
[EventRounds "9"]
[EventCountry "UKR"]
[SourceTitle "CB52_2024"]
[SourceDate "2024.12.25"]
[SourceVersion "1"]
[SourceVersionDate "2024.12.25"]
[SourceQuality "1"]

1. e4 e5 2. Nf3 Nf6 3. Nc3 Nc6 4. a4 d5 5. exd5 Nxd5 6. Bb5 Nxc3 7. bxc3 Bd6 8. 0-0 0-0 9. d4 exd4 10. cxd4 Bg4 11. c3 Ne7 12. h3 Bf5 13. a5 Nd5 14. Bg5 Qc8 15. Bd2 c6 16. Bc4 h6 17. Re1 Re8 18. Rxe8+ Qxe8 19. Qb3 Qd7 20. Re1 Be6 21. Qa2 Re8 22. Bb3 Bf4 23. c4 Bxd2 24. cxd5 Bxe1 25. dxe6 fxe6 26. Nxe1 Qxd4 27. Nf3 Qe4 28. Bc2 Qd5 29. Bb3 Qe4 30. Bc2 Qd5 31. Qb2 Re7 32. Qb4 c5 33. Qg4 c4 34. Qf4 e5 35. Qf5 Qe6 36. Qh7+ Kf8 37. Nh4 Rd7 38. Bf5 Rd1+ 39. Kh2 Qf6 40. Qh8+ Ke7 41. Ng6+ Kd6 42. Qb8+ Kc6 43. Be4+ Kc5 44. Qxa7+ Kb4 45. Qxb7+ Kc3 46. Qb6 Qxb6 47. axb6 Rd6 48. b7 Rb6 49. Nxe5 Kd4 50. Nd7 Rxb7 51. Bxb7 c3 52. Nc5 c2 53. Nb3+ Kc3 54. Bd5 1-0

[Event "UKR-ch Blitz 92nd"]
[Site "Lvov"]
[Date "2024.12.22"]
[Round "6"]
[White "Oleksienko, Mikhailo"]
[Black "Dubnevych, Maksym"]
[Result "1-0"]
[WhiteElo "2570"]
[BlackElo "2280"]
[PlyCount "103"]
[EventDate "2024.12.22"]
[EventType "swiss (blitz)"]
[EventRounds "11"]
[EventCountry "UKR"]
[SourceTitle "CB52_2024"]
[SourceDate "2024.12.25"]
[SourceVersion "1"]
[SourceVersionDate "2024.12.25"]
[SourceQuality "1"]

1. e4 e5 2. Nf3 Nc6 3. Bb5 a6 4. Bxc6 dxc6 5. 0-0 Bg4 6. h3 h5 7. d3 Bxf3 8. Qxf3 Qf6 9. Qxf6 Nxf6 10. f4 Bc5+ 11. Kh2 exf4 12. Bxf4 0-0-0 13. Nd2 Rhe8 14. Bg5 Bd4 15. Rab1 Be5+ 16. Kh1 Rd7 17. Nc4 Nh7 18. Bf4 Bxf4 19. Rxf4 f6 20. Rbf1 Ng5 21. Rh4 Rh8 22. Rf5 Rh6 23. Kg1 Rf7 24. e5 Ne6 25. Rfxh5 Rxh5 26. Rxh5 Nd4 27. c3 Ne2+ 28. Kh2 Nf4 29. Rh8+ Kd7 30. d4 Re7 31. exf6 gxf6 32. Kg3 Ne2+ 33. Kf3 Nc1 34. h4 Nd3 35. h5 Ke6 36. h6 Kf5 37. Rg8 Rh7 38. Ne3+ Ke6 39. Ng4 Kf7 40. Rc8 Ke6 41. Rf8 f5 42. Rf6+ Ke7 43. Rxf5 Nxb2 44. Rh5 Nd1 45. Ne5 Nxc3 46. g4 c5 47. g5 Rh8 48. g6 Rf8+ 49. Kg3 Ne4+ 50. Kg2 Nf6 51. g7 Nxh5 52. Ng6+ 1-0

[Event "UKR-ch Blitz 92nd"]
[Site "Lvov"]
[Date "2024.12.22"]
[Round "9"]
[White "Polulikh, Bogdan"]
[Black "Oleksienko, Mikhailo"]
[Result "1/2-1/2"]
[WhiteElo "2299"]
[BlackElo "2570"]
[PlyCount "117"]
[EventDate "2024.12.22"]
[EventType "swiss (blitz)"]
[EventRounds "11"]
[EventCountry "UKR"]
[SourceTitle "CB52_2024"]
[SourceDate "2024.12.25"]
[SourceVersion "1"]
[SourceVersionDate "2024.12.25"]
[SourceQuality "1"]

1. d4 d5 2. Nf3 Nf6 3. e3 c5 4. b3 cxd4 5. exd4 g6 6. Be2 Bg7 7. 0-0 0-0 8. Bb2 Nc6 9. Nbd2 b6 10. Ne5 Bb7 11. Ndf3 Rc8 12. c4 dxc4 13. bxc4 Nxe5 14. Nxe5 Nd7 15. Nf3 Bxf3 16. Bxf3 Rxc4 17. Qe2 b5 18. a4 a6 19. axb5 axb5 20. Ra8 Qc7 21. Qxe7 Rxa8 22. Bxa8 Bxd4 23. Bd5 Nf6 24. Bxf7+ Kg7 25. Qxc7 Rxc7 26. Bxd4 Kxf7 27. Rb1 Nd5 28. Kf1 b4 29. Ke2 Rc3 30. Kd2 Ra3 31. Rb2 Ke6 32. Bc5 Ra4 33. g3 Kd7 34. Kd3 Kc6 35. Bf8 Kb5 36. Kd4 Nf6 37. Be7 Nd7 38. f4 Nb6 39. g4 b3+ 40. Kd3 Rxf4 41. Rxb3+ Kc6 42. h3 Nd5 43. Bg5 Rf3+ 44. Kc4 Nb6+ 45. Kb4 Rxb3+ 46. Kxb3 Kd5 47. h4 Ke4 48. h5 Kf3 49. hxg6 hxg6 50. Bd8 Nd7 51. g5 Ke4 52. Kc2 Kf5 53. Kd1 Nc5 54. Ke1 Ne6 55. Be7 Nxg5 56. Kf1 Ne4 57. Bh4 Kg4 58. Be7 Kf5 59. Bh4 1/2-1/2

[Event "UKR-ch Blitz 92nd"]
[Site "Lvov"]
[Date "2024.12.22"]
[Round "1"]
[White "Tretiak, Igor"]
[Black "Oleksienko, Mikhailo"]
[Result "0-1"]
[WhiteElo "1828"]
[BlackElo "2570"]
[PlyCount "76"]
[EventDate "2024.12.22"]
[EventType "swiss (blitz)"]
[EventRounds "11"]
[EventCountry "UKR"]
[SourceTitle "CB52_2024"]
[SourceDate "2024.12.25"]
[SourceVersion "1"]
[SourceVersionDate "2024.12.25"]
[SourceQuality "1"]

1. e4 c5 2. Nf3 e6 3. Bd3 Nc6 4. 0-0 d5 5. exd5 Qxd5 6. Nc3 Qd7 7. Re1 Nf6 8. Bf1 Be7 9. d3 0-0 10. Bf4 b6 11. Ne4 Bb7 12. Ne5 Nxe5 13. Bxe5 Ne8 14. Be2 f6 15. Bc3 Nc7 16. Bf3 Nd5 17. Bd2 Rad8 18. Qe2 e5 19. Nc3 Nb4 20. Bxb7 Qxb7 21. Bc1 Bd6 22. a3 Nc6 23. Qe4 Qd7 24. Nb5 Bb8 25. Nc3 Kh8 26. Qh4 Nd4 27. Rd1 Nxc2 28. Be3 Nxa1 29. Rxa1 Qxd3 30. h3 Qc2 31. Rb1 b5 32. Kh2 e4+ 33. g3 b4 34. Bxc5 bxc3 35. Bxf8 Qxf2+ 36. Kh1 Rd2 37. Bxg7+ Kg8 38. Rg1 Qh2# 0-1

[Event "UKR-ch 92nd"]
[Site "Lvov"]
[Date "2024.12.21"]
[Round "8"]
[White "Domin, Yan"]
[Black "Oleksienko, Mikhailo"]
[Result "0-1"]
[WhiteElo "2145"]
[BlackElo "2570"]
[PlyCount "108"]
[EventDate "2024.12.14"]
[EventType "swiss"]
[EventRounds "9"]
[EventCountry "UKR"]
[SourceTitle "CB52_2024"]
[SourceDate "2024.12.25"]
[SourceVersion "1"]
[SourceVersionDate "2024.12.25"]
[SourceQuality "1"]

1. e4 c5 2. Nf3 e6 3. c3 d5 4. exd5 Qxd5 5. d4 Nf6 6. Bd3 Be7 7. Be3 0-0 8. 0-0 b6 9. Qe2 Bb7 10. dxc5 Bxc5 11. Bxc5 Qxc5 12. Nbd2 Nbd7 13. Ne4 Qc7 14. Nxf6+ Nxf6 15. Qe5 Qxe5 16. Nxe5 Rfd8 17. Rfd1 g5 18. Be2 Kg7 19. f3 Nd5 20. Kf2 f6 21. Nc4 f5 22. Ne3 Ne7 23. Rxd8 Rxd8 24. Rd1 Rxd1 25. Bxd1 Kf6 26. Nf1 h5 27. Bb3 Ng6 28. Nd2 Nf4 29. Bc4 e5 30. Bf1 g4 31. g3 Ne6 32. fxg4 hxg4 33. h3 gxh3 34. Bxh3 Nc5 35. b3 Kg5 36. Ke3 Bc8 37. Ke2 Ba6+ 38. Ke3 Bb7 39. Nc4 f4+ 40. gxf4+ exf4+ 41. Kd4 Kh4 42. Bf5 Kg5 43. Bh3 f3 44. Nd2 Kf4 45. b4 Ne4 46. Nxe4 Bxe4 47. c4 Bc6 48. b5 Be4 49. c5 bxc5+ 50. Kxc5 Bd3 51. Kd4 Kg3 52. Ke3 Bxb5 53. a4 Ba6 54. a5 f2 0-1

[Event "UKR-ch 92nd"]
[Site "Lvov"]
[Date "2024.12.14"]
[Round "1"]
[White "Oleksienko, Mikhailo"]
[Black "Kovalchuk, Victor"]
[Result "1/2-1/2"]
[WhiteElo "2570"]
[BlackElo "1806"]
[PlyCount "101"]
[EventDate "2024.12.14"]
[EventType "swiss"]
[EventRounds "9"]
[EventCountry "UKR"]
[SourceTitle "CB52_2024"]
[SourceDate "2024.12.25"]
[SourceVersion "1"]
[SourceVersionDate "2024.12.25"]
[SourceQuality "1"]

1. d4 d5 2. c4 dxc4 3. Nf3 Nf6 4. e3 e6 5. Bxc4 a6 6. 0-0 c5 7. b3 Nc6 8. Bb2 cxd4 9. Nxd4 Nxd4 10. Bxd4 Bd6 11. Nd2 0-0 12. Be2 e5 13. Bb2 b5 14. a4 Rb8 15. axb5 axb5 16. Nb1 Qe7 17. Ra5 e4 18. Bxf6 Qxf6 19. Qd5 Bb7 20. Qxb5 Bc6 21. Qc4 Rfc8 22. Qc2 Bb5 23. Bc4 Qe5 24. g3 Bxc4 25. Rxe5 Bxf1 26. Re8+ Rxe8 27. Kxf1 Bb4 28. Qc4 Rbc8 29. Qxb4 Rc1+ 30. Kg2 Rxb1 31. Qb5 Rd8 32. Qb6 Rbd1 33. Qc6 h6 34. Qxe4 Rb8 35. h4 Rd6 36. h5 Rdb6 37. g4 Rb4 38. Qf5 Rxb3 39. e4 Rb2 40. Kg3 R2b6 41. f3 Rf6 42. Qd5 Re6 43. e5 Rbe8 44. f4 Kh8 45. Qb5 R6e7 46. Kh4 Re6 47. g5 hxg5+ 48. Kxg5 R6e7 49. Kg4 Re6 50. Qd7 Kg8 51. Qb5 1/2-1/2

[Event "Morshyn Saint Charbel Cup 2nd"]
[Site "Morshyn"]
[Date "2024.10.12"]
[Round "7"]
[White "Oleksienko, Mikhailo"]
[Black "Pacher, Milan"]
[Result "1/2-1/2"]
[WhiteElo "2572"]
[BlackElo "2309"]
[PlyCount "41"]
[EventDate "2024.10.08"]
[EventType "tourn"]
[EventRounds "9"]
[EventCountry "UKR"]
[EventCategory "6"]
[SourceTitle "CB43_2024"]
[Source "Chessbase"]
[SourceDate "2024.10.23"]
[SourceVersion "1"]
[SourceVersionDate "2024.10.23"]
[SourceQuality "1"]

1. e4 c6 2. d4 d5 3. e5 c5 4. c3 Nc6 5. Be2 Bf5 6. Nf3 e6 7. 0-0 h6 8. Be3 Qb6 9. Qd2 Be4 10. Re1 Rc8 11. dxc5 Bxc5 12. Bxc5 Qxc5 13. Na3 Bxf3 14. Bxf3 Nge7 15. Bh5 0-0 16. Rad1 Ng6 17. Bxg6 fxg6 18. Nc2 g5 19. Re3 b5 20. a3 a5 21. g3 1/2-1/2

[Event "Titled Tuesday intern op 13th Aug Early"]
[Site "Chess.com INT"]
[Date "2024.08.13"]
[Round "9"]
[White "Baches Garcia, Guillermo"]
[Black "Oleksienko, Mikhailo"]
[Result "0-1"]
[WhiteElo "2322"]
[BlackElo "2572"]
[PlyCount "68"]
[EventDate "2024.08.13"]
[EventType "swiss (blitz)"]
[EventRounds "11"]
[EventCountry "USA"]
[SourceTitle "EXT 2025"]
[Source "ChessBase"]
[SourceDate "2024.10.14"]
[SourceVersion "1"]
[SourceVersionDate "2024.10.14"]
[SourceQuality "1"]

1. d4 d5 2. c4 c6 3. Nc3 Nf6 4. Nf3 dxc4 5. e4 b5 6. Qc2 e6 7. Be2 a5 8. 0-0 Be7 9. Rb1 0-0 10. b3 b4 11. e5 Nd5 12. Nxd5 cxd5 13. bxc4 dxc4 14. Bxc4 Ba6 15. Bxa6 Nxa6 16. Be3 Nc7 17. Nd2 Nd5 18. Ne4 a4 19. Rfc1 h6 20. Bd2 Qb6 21. Qd3 Rfc8 22. Rd1 Kf8 23. Ng3 Kg8 24. Nh5 Bf8 25. Qg3 Kh8 26. Be3 Rc2 27. Qf3 Qc7 28. Rbc1 Rc8 29. h4 b3 30. axb3 axb3 31. Rxc2 bxc2 32. Rc1 Nxe3 33. fxe3 Ba3 34. Qg4 Rg8 0-1

[Event "Titled Tuesday intern op 13th Aug Early"]
[Site "Chess.com INT"]
[Date "2024.08.13"]
[Round "2"]
[White "Oleksienko, Mikhailo"]
[Black "Aarav, Sinha"]
[Result "0-1"]
[WhiteElo "2572"]
[BlackElo "2234"]
[PlyCount "46"]
[EventDate "2024.08.13"]
[EventType "swiss (blitz)"]
[EventRounds "11"]
[EventCountry "USA"]
[SourceTitle "EXT 2025"]
[Source "ChessBase"]
[SourceDate "2024.10.14"]
[SourceVersion "1"]
[SourceVersionDate "2024.10.14"]
[SourceQuality "1"]

1. e4 c5 2. Nf3 e6 3. d4 cxd4 4. Nxd4 a6 5. c4 Nf6 6. Nc3 Bb4 7. Qd3 d5 8. exd5 exd5 9. Be2 0-0 10. 0-0 Re8 11. Nxd5 Nxd5 12. cxd5 Qxd5 13. Bf3 Qd8 14. Be3 Nd7 15. Qb3 Bf8 16. Rad1 Qf6 17. Qa4 Rb8 18. Qa5 Ne5 19. Be2 Bg4 20. h3 Bxe2 21. Nxe2 Nc4 22. Qg5 Qxg5 23. Bxg5 Rxe2 0-1

[Event "Titled Tuesday intern op 13th Aug Early"]
[Site "Chess.com INT"]
[Date "2024.08.13"]
[Round "5"]
[White "Oleksienko, Mikhailo"]
[Black "Cansun, Can Alp"]
[Result "1-0"]
[WhiteElo "2572"]
[BlackElo "2147"]
[PlyCount "57"]
[EventDate "2024.08.13"]
[EventType "swiss (blitz)"]
[EventRounds "11"]
[EventCountry "USA"]
[SourceTitle "EXT 2025"]
[Source "ChessBase"]
[SourceDate "2024.10.14"]
[SourceVersion "1"]
[SourceVersionDate "2024.10.14"]
[SourceQuality "1"]

1. e4 c5 2. Nf3 g6 3. d4 cxd4 4. Nxd4 Nc6 5. c4 Bg7 6. Be3 Nf6 7. Nc3 d6 8. Be2 0-0 9. 0-0 Bd7 10. Nc2 a5 11. f4 a4 12. Rc1 Qa5 13. Na3 Rfc8 14. Kh1 Nb4 15. Qd2 Bc6 16. Bf3 Na6 17. Nd5 Qxd2 18. Bxd2 Bxd5 19. exd5 Nc5 20. Rb1 Nfe4 21. Bb4 f5 22. Be2 Bd4 23. g3 Kg7 24. Kg2 Kf6 25. Nb5 h6 26. Nxd4 Na6 27. Be1 Nac5 28. Bf3 Ra5 29. Bxe4 1-0

[Event "Titled Tuesday intern op 19th Mar Early"]
[Site "Chess.com INT"]
[Date "2024.03.19"]
[Round "4"]
[White "Heinemann, Josefine"]
[Black "Oleksienko, Mikhailo"]
[Result "0-1"]
[WhiteElo "2303"]
[BlackElo "2573"]
[PlyCount "78"]
[EventDate "2024.03.19"]
[EventType "swiss (blitz)"]
[EventRounds "11"]
[EventCountry "USA"]
[SourceTitle "EXT 2025"]
[Source "ChessBase"]
[SourceDate "2024.10.14"]
[SourceVersion "1"]
[SourceVersionDate "2024.10.14"]
[SourceQuality "1"]

1. e4 c5 2. c3 d5 3. exd5 Qxd5 4. d4 Nf6 5. Nf3 e6 6. Na3 Nc6 7. Be3 cxd4 8. Nb5 Qd7 9. Nbxd4 a6 10. Bd3 Bd6 11. 0-0 Ne7 12. a4 0-0 13. Bc2 Rd8 14. Bg5 e5 15. Bxf6 gxf6 16. Ne2 f5 17. Nh4 e4 18. Qc1 Qe6 19. g3 Kh8 20. Qg5 Rg8 21. Qh5 Ng6 22. Nd4 Qf6 23. Nxg6+ fxg6 24. Qh6 Bd7 25. Rae1 Bc5 26. f3 Bxd4+ 27. cxd4 Qxd4+ 28. Qe3 Qxb2 29. Bb1 exf3 30. Rxf3 Bc6 31. Rf2 Qf6 32. Qb3 Rge8 33. Ref1 Qd4 34. Ba2 Re2 35. Qf7 Rae8 36. Bc4 Rxf2 37. Rxf2 Re1+ 38. Bf1 Rxf1+ 39. Kxf1 Qd1# 0-1

[Event "Titled Tuesday intern op 19th Mar Early"]
[Site "Chess.com INT"]
[Date "2024.03.19"]
[Round "9"]
[White "Lehtosaari, Mauri"]
[Black "Oleksienko, Mikhailo"]
[Result "0-1"]
[WhiteElo "2141"]
[BlackElo "2573"]
[PlyCount "100"]
[EventDate "2024.03.19"]
[EventType "swiss (blitz)"]
[EventRounds "11"]
[EventCountry "USA"]
[SourceTitle "EXT 2025"]
[Source "ChessBase"]
[SourceDate "2024.10.14"]
[SourceVersion "1"]
[SourceVersionDate "2024.10.14"]
[SourceQuality "1"]

1. d4 d5 2. c4 e6 3. Nc3 Nf6 4. cxd5 exd5 5. Bg5 c6 6. e3 h6 7. Bh4 Bd6 8. Bd3 0-0 9. Nf3 Re8 10. 0-0 Nbd7 11. Qc2 Nf8 12. Rab1 a5 13. a3 Bg4 14. Nd2 Bh5 15. Bg3 Bxg3 16. hxg3 Bg6 17. Na4 Bxd3 18. Qxd3 Ne6 19. Rfc1 Ng5 20. Nc5 Qe7 21. b4 axb4 22. axb4 Ra2 23. Ra1 Rea8 24. Rxa2 Rxa2 25. Nf3 Nge4 26. Nxe4 dxe4 27. Qb3 Qe6 28. Qxe6 fxe6 29. Ne5 Rb2 30. Ra1 Rxb4 31. Ra8+ Kh7 32. Rc8 Rb1+ 33. Kh2 Rf1 34. f3 Re1 35. Rc7 b5 36. Rxc6 exf3 37. gxf3 Rxe3 38. Rxe6 b4 39. Rb6 Nd5 40. Rb7 b3 41. f4 Re2+ 42. Kh3 b2 43. f5 h5 44. Ng6 Kh6 45. g4 hxg4+ 46. Kxg4 Nc3 47. Rb8 Re4+ 48. Kf3 Rxd4 49. Rh8+ Kg5 50. Rh1 b1Q 0-1

[Event "Titled Tuesday intern op 19th Mar Early"]
[Site "Chess.com INT"]
[Date "2024.03.19"]
[Round "5"]
[White "Zheenbekov, Nurgazi"]
[Black "Oleksienko, Mikhailo"]
[Result "1-0"]
[WhiteElo "2091"]
[BlackElo "2573"]
[PlyCount "77"]
[EventDate "2024.03.19"]
[EventType "swiss (blitz)"]
[EventRounds "11"]
[EventCountry "USA"]
[SourceTitle "EXT 2025"]
[Source "ChessBase"]
[SourceDate "2024.10.14"]
[SourceVersion "1"]
[SourceVersionDate "2024.10.14"]
[SourceQuality "1"]

1. Nf3 d5 2. g3 g6 3. Bg2 Bg7 4. 0-0 e5 5. d3 Ne7 6. Nbd2 0-0 7. c4 c6 8. Rb1 a5 9. b3 Na6 10. Bb2 d4 11. a3 c5 12. Nh4 Nc6 13. Bd5 Nc7 14. Bg2 f5 15. Bxc6 bxc6 16. Ng2 Rb8 17. f4 Ne6 18. fxe5 Bxe5 19. Nf3 Bg7 20. e3 a4 21. bxa4 Rxb2 22. Rxb2 dxe3 23. Rb8 Qd6 24. Ra8 Nc7 25. Ra5 Re8 26. Re1 Bc3 27. Ra7 Bxe1 28. Qxe1 Re7 29. Qc3 h6 30. Nge1 Nd5 31. Qa5 Rxa7 32. Qxa7 Ne7 33. a5 g5 34. Qb6 g4 35. a6 Bxa6 36. Qxa6 gxf3 37. Nxf3 Qxd3 38. Qa8+ Kf7 39. Ne5+ 1-0